Guinea-Bissau-Quiz - Statistiken

Allgemein
  • Dieses Quiz wurde 941 mal gespielt
  • Das Durchschnittsergebnis liegt bei 10 aus 17
Antwortstatistiken
Frage Antwort % Korrekt
Nachbarland Guinea
97%
Nachbarland Senegal
94%
Währung von GB und sieben anderen Ländern CFA {Franc}
92%
Dominante Religion Islam
87%
Hauptstadt von Guinea-Bissau Bissau
85%
Wie andere westafrikanische Kolonien litt GB unter diesem Handel Atlantischer {Sklaven}handel
80%
Land, von dem Guinea-Bissau 1974 unabhängig wurde Portugal
80%
Wegen ihrer unregelmäßigen Form besitzt GB die achtlängste _____ der afrikanischen Länder Küste
78%
Wichtigster Sektor der Wirtschaft Landwirtschaft
72%
Der obige Herrscher ist ebenfalls Vater der Unabhängigkeit von diesem Inselstaat Kap Verde
60%
"M" Wort, das eine von Frauen dominierten Gesellschaft bezeichnet, nach der die Bewohner dieser Inseln angeblich leben Matriarchat
46%
Waldtyp, der den Großteil des Küstengebiets bedeckt Mangrovenwald
45%
Nuss, die das Hauptexportgut von Guinea-Bissau ist Cashew
31%
Drei wichtigste Ethnien (nennen Sie eine) Fula | Balanta | Mandinka
27%
Gruppe von 88 Inseln an der Küste von GB Bissagos
15%
Vater der Unabhängigkeit, der 1973 ermordet wurde Amílcar Cabral
14%
Meist gesprochene Sprache Guinea-Bissau Creole
13%
Keine übereinstimmenden Quizze gefunden
Verteilung der Resultate
Anzahl Personen mit jedem Resultat
Perzentil nach korrekt beantworteten Fragen
Ihre Resultats-Entwicklung
Sie haben dieses Quiz noch nicht gespielt